[Event "Medellin Castro Memorial op-B 31st"]
[Site "Medellin"]
[Date "2024.08.09"]
[Round "5"]
[White "Aristizabal Melguiso, Martin"]
[Black "Carrillo Montes, Isabela"]
[Result "1-0"]
[WhiteElo "1458"]
[BlackElo "1542"]
[PlyCount "73"]
[EventDate "2024.08.07"]
[EventType "swiss"]
[EventRounds "9"]
[EventCountry "COL"]
[SourceTitle "CB33_2024"]
[SourceDate "2024.08.14"]
[SourceVersion "1"]
[SourceVersionDate "2024.08.14"]
[SourceQuality "1"]

1. c4 e5 2. Nc3 Nf6 3. g3 c6 4. Bg2 d5 5. cxd5 cxd5 6. d4 exd4 7. Qxd4 Nc6 8. Qd1 Be6 9. Bf4 Bc5 10. e3 0-0 11. Nge2 Ne7 12. 0-0 h6 13. a3 Ng6 14. Rc1 Bb6 15. Na4 Nxf4 16. Nxf4 Bg4 17. Qd3 Be6 18. Rfd1 Rc8 19. Rxc8 Qxc8 20. Nxb6 axb6 21. Nxd5 Nxd5 22. Bxd5 Bh3 23. Bg2 Bg4 24. Re1 Rd8 25. Qe4 Rd1 26. Rxd1 Bxd1 27. Qxb7 Qc1 28. Qc6 Bc2+ 29. Bf1 Qd1 30. Kg2 h5 31. Qe8+ Kh7 32. Qxf7 Be4+ 33. f3 Qd2+ 34. Kh1 Qf2 35. Qxh5+ Kg8 36. Bc4+ Kf8 37. Qf7# 1-0

[Event "Medellin Castro Memorial op-B 31st"]
[Site "Medellin"]
[Date "2024.08.08"]
[Round "2"]
[White "Alvarez, Carlos F"]
[Black "Aristizabal Melguiso, Martin"]
[Result "1-0"]
[WhiteElo "1860"]
[BlackElo "1458"]
[PlyCount "72"]
[EventDate "2024.08.07"]
[EventType "swiss"]
[EventRounds "9"]
[EventCountry "COL"]
[SourceTitle "CB33_2024"]
[SourceDate "2024.08.14"]
[SourceVersion "1"]
[SourceVersionDate "2024.08.14"]
[SourceQuality "1"]

1. e4 e6 2. d4 d5 3. e5 c5 4. c3 Nc6 5. Nf3 Qb6 6. Be2 Bd7 7. a3 cxd4 8. cxd4 Nge7 9. b4 Nf5 10. Bb2 Be7 11. 0-0 0-0 12. Bd3 f6 13. Bxf5 exf5 14. Nc3 Be6 15. Re1 Bf7 16. e6 Bh5 17. Nxd5 Qd8 18. Qb3 a5 19. b5 a4 20. Qc4 Na5 21. Nxe7+ Qxe7 22. Qxa4 Bxf3 23. gxf3 Rfc8 24. Rac1 Nc6 25. Qc4 Na7 26. Qb3 Kh8 27. a4 Rg8 28. d5 Nc8 29. Rxc8 Raxc8 30. Ba3 Qe8 31. d6 Rd8 32. Qd5 Qg6+ 33. Kf1 Qh5 34. d7 b6 35. e7 Rxd7 36. Qxd7 Qe8 1-0

[Event "Medellin Castro Memorial op-B 31st"]
[Site "Medellin"]
[Date "2024.08.08"]
[Round "3"]
[White "Aristizabal Melguiso, Martin"]
[Black "Comas Bermeo, Emilie"]
[Result "1-0"]
[WhiteElo "1458"]
[BlackElo "1762"]
[PlyCount "63"]
[EventDate "2024.08.07"]
[EventType "swiss"]
[EventRounds "9"]
[EventCountry "COL"]
[SourceTitle "CB33_2024"]
[SourceDate "2024.08.14"]
[SourceVersion "1"]
[SourceVersionDate "2024.08.14"]
[SourceQuality "1"]

1. c4 e6 2. Nc3 Nf6 3. e4 d5 4. cxd5 exd5 5. e5 Nfd7 6. d4 Nb6 7. f4 Nc6 8. Nf3 Bf5 9. Bd3 Bxd3 10. Qxd3 Be7 11. 0-0 Qd7 12. a3 0-0-0 13. b4 h5 14. Nd2 f6 15. Nb3 fxe5 16. fxe5 Rdf8 17. Be3 Nc4 18. Nd2 Nxe3 19. Qxe3 g5 20. Nb3 a6 21. Nc5 Bxc5 22. bxc5 g4 23. Rae1 Qe6 24. Ne2 h4 25. Nf4 Qd7 26. e6 Qe8 27. Nxd5 Rxf1+ 28. Rxf1 Rh7 29. Nf6 Qe7 30. Nxh7 Qxh7 31. Rf8+ Nd8 32. e7 1-0

[Event "American Continental Rapid 18th"]
[Site "Medellin"]
[Date "2024.06.01"]
[Round "9"]
[White "Aristizabal Melguiso, Martin"]
[Black "Jop A, Laura Elizabeth"]
[Result "0-1"]
[WhiteElo "1458"]
[BlackElo "1752"]
[PlyCount "108"]
[EventDate "2024.06.01"]
[EventType "swiss (rapid)"]
[EventRounds "9"]
[EventCountry "COL"]
[SourceTitle "CB23_2024"]
[SourceDate "2024.06.05"]
[SourceVersion "1"]
[SourceVersionDate "2024.06.05"]
[SourceQuality "1"]

1. c4 c5 2. Nc3 g6 3. g3 Bg7 4. Bg2 Nc6 5. Nf3 e6 6. 0-0 Nge7 7. e3 0-0 8. d4 cxd4 9. exd4 d5 10. cxd5 exd5 11. Be3 Nf5 12. Re1 Re8 13. a3 Nxe3 14. fxe3 Bh6 15. Qd2 Bf5 16. Nh4 Be6 17. b4 Rc8 18. Rac1 a6 19. Na4 b6 20. Qe2 a5 21. bxa5 Nxa5 22. Rxc8 Bxc8 23. Nb2 Rxe3 24. Qd2 Rxe1+ 25. Qxe1 Be6 26. Nf3 Qd6 27. a4 Qa3 28. Qe2 Bc1 29. Nd3 Nc4 30. Nxc1 Qxc1+ 31. Qe1 Qb2 32. Bf1 Qa3 33. Bxc4 dxc4 34. Ne5 c3 35. Qe3 Qa1+ 36. Kg2 c2 37. Nd3 Qxa4 38. Qd2 Qxd4 39. Qxc2 Bf5 40. Qb3 Bxd3 41. Qa3 Be4+ 42. Kh3 Qd5 43. g4 Qd3+ 44. Qxd3 Bxd3 45. Kg3 b5 46. Kf4 b4 47. Ke3 Bc2 48. Kd2 b3 49. Kc3 Kf8 50. Kb2 Ke7 51. h4 Kd6 52. h5 Ke5 53. hxg6 fxg6 54. g5 Kf5 0-1

[Event "American Continental Rapid 18th"]
[Site "Medellin"]
[Date "2024.06.01"]
[Round "5"]
[White "Carrol Pineda, Heiner Alonso"]
[Black "Aristizabal Melguiso, Martin"]
[Result "0-1"]
[WhiteElo "1650"]
[BlackElo "1458"]
[PlyCount "48"]
[EventDate "2024.06.01"]
[EventType "swiss (rapid)"]
[EventRounds "9"]
[EventCountry "COL"]
[SourceTitle "CB23_2024"]
[SourceDate "2024.06.05"]
[SourceVersion "1"]
[SourceVersionDate "2024.06.05"]
[SourceQuality "1"]

1. c4 e5 2. Nc3 Nf6 3. g3 d5 4. cxd5 Nxd5 5. Bg2 Nb6 6. Nf3 Nc6 7. d3 Be7 8. 0-0 Be6 9. Be3 0-0 10. a3 Qd7 11. Re1 Bh3 12. Bh1 f5 13. b4 f4 14. Bd2 a6 15. Rc1 Kh8 16. Na4 Nxa4 17. Qxa4 Rad8 18. Bc3 Qe6 19. Qc2 h5 20. Qb2 Bf6 21. a4 b5 22. a5 h4 23. Qc2 Qg4 24. Bb2 hxg3 0-1

[Event "Medellin Easter op 11th"]
[Site "Medellin"]
[Date "2023.04.05"]
[Round "1"]
[White "Betancur, Fredy"]
[Black "Aristizabal Melguiso, Martin"]
[Result "1-0"]
[WhiteElo "1780"]
[BlackElo "1300"]
[PlyCount "35"]
[EventDate "2023.04.05"]
[EventType "swiss"]
[EventRounds "7"]
[EventCountry "COL"]
[SourceTitle "CBM 213 Extra"]
[Source "ChessBase"]
[SourceDate "2023.05.31"]
[SourceVersion "1"]
[SourceVersionDate "2023.05.31"]
[SourceQuality "1"]

1. b4 e5 2. Bb2 d6 3. e4 Nf6 4. Nc3 a6 5. Nf3 Nc6 6. b5 axb5 7. Bxb5 Bd7 8. d4 exd4 9. Nxd4 Be7 10. Nxc6 bxc6 11. Bd3 d5 12. e5 Ne4 13. Nxe4 dxe4 14. Bxe4 0-0 15. Qd3 Be6 16. Bxh7+ Kh8 17. Qxd8 Rfxd8 18. Be4 1-0